The seventeenth century the new developments in art from Caravaggio to Vermeer

Enregistré dans:
Détails bibliographiques
Auteur principal: Dupont, Jacques (Auteur)
Autres auteurs: Mathey, Francois (autor)
Format: Livre
Langue:anglais
Publié: Nueva York Skira 1951
Collection:The great centuries of painting
Sujets:
Tags: Ajouter un tag
Pas de tags, Soyez le premier à ajouter un tag!

MARC

LEADER 00000nam a2200000 a 4500
001 UCV9874
003 CL-VaPUC
008 930708e19510000US |||||||||||||||||eng|d
082 0 4 |a 759.04  |b DUP  |2 21 
100 0 |a Dupont, Jacques  |e author  |9 303872 
700 |a Mathey, Francois  |e autor  |9 574574 
245 1 4 |a The seventeenth century the new developments in art from Caravaggio to Vermeer 
300 |a 135 p 
942 |c BK 
945 |d 19930708 00:00:00 
260 |a Nueva York  |b Skira  |c 1951 
650 7 |a PINTURA SIGLO 17  |2 CL-VaPUC  |9 268830 
583 |a last modification  |c 19930708 00:00:00  |k Rodrigo Vera 
490 0 |a The great centuries of painting 
999 |c 215152  |d 215150 
952 |0 0  |1 0  |4 0  |6 759_040000000000000_DUP_1951  |7 0  |8 A  |9 199158  |a BIBARQ  |b BIBARQ  |d 2019-11-14  |i 2664747  |o 759.04 DUP 1951  |p 2664747  |r 2025-01-20  |w 2019-11-14  |y BK  |k ARQ